000 00422nam a2200157Ia 4500
008 210210b1992 xxu||||| |||| 00| 0 eng d
082 _a541.3 PURP
100 _aPURI (B R) and Others.
245 _aPrinciples of physical chemistry. Ed 33.
250 _a
260 _aN D
_bShoban Lal Nagin Chand & Co.,
_c1992
300 _axii,1302
650 _aPhysical Chemistry
690 _aPhysical Chemistry
906 _a046837
999 _c96315
_d96315